[Event "?"]
[Site "?"]
[Date "2013.04.16"]
[Round "1"]
[White "Stukopin, Andrey"]
[Black "Bukavshin, Ivan"]
[Result "1/2-1/2"]
[WhiteElo "2500"]
[BlackElo "2522"]
[PlyCount "70"]
[EventDate "2013.??.??"]

1. e4 c5 2. Nf3 Nc6 3. Nc3 g6 4. d4 cxd4 5. Nxd4 Bg7 6. Be3 Nf6 7. Bc4 O-O 8.
Bb3 d6 9. f3 Bd7 10. Qd2 Nxd4 11. Bxd4 b5 12. h4 a5 13. a4 bxa4 14. Bxa4 h5 15.
Nd5 Nxd5 16. exd5 Bxd4 17. Qxd4 Bxa4 18. Rxa4 Qc7 19. Rc4 Qa7 20. Qxa7 Rxa7 21.
Kd2 a4 22. Ra1 Rb8 23. Kc1 Rab7 24. Ra2 Rb4 25. Rxa4 Rxb2 26. Rc8+ Rxc8 27.
Kxb2 Rb8+ 28. Kc1 f5 29. c3 Rb5 30. Rd4 Kf7 31. Kc2 Kf6 32. f4 Ra5 33. Kb2 Rb5+
34. Kc2 Ra5 35. Kb2 Rb5+ 1/2-1/2

[Event "?"]
[Site "?"]
[Date "2013.04.16"]
[Round "1"]
[White "Gordievsky , Dmitry"]
[Black "Pakhomov , Egor"]
[Result "1-0"]
[WhiteElo "2443"]
[BlackElo "2454"]
[PlyCount "117"]
[EventDate "2013.??.??"]

1. d4 Nf6 2. c4 g6 3. Nc3 Bg7 4. e4 d6 5. Be2 O-O 6. Bg5 Na6 7. Qd2 e5 8. d5 c6
9. h4 cxd5 10. cxd5 Nc5 11. f3 Bd7 12. h5 Qa5 13. Rb1 Na4 14. h6 Bh8 15. Nb5
Qd8 16. Nxd6 Qb8 17. Nc4 b5 18. Na5 Rc8 19. Bd3 Nc5 20. b4 Nxd3+ 21. Qxd3 Nh5
22. Ne2 Nf4 23. Qd2 Nxg2+ 24. Kf2 f6 25. Kxg2 fxg5 26. Kg3 Rf8 27. Qxg5 Qb6 28.
Rhf1 Rf4 29. Qe7 Rf7 30. Qg5 Bf6 31. Qd2 Be7 32. Kg2 Raf8 33. Rb3 g5 34. Nc6
Bxc6 35. dxc6 Qxc6 36. Ng3 Qxh6 37. Nf5 Qg6 38. Qd5 Kh8 39. Qxe5+ Bf6 40. Qxb5
h5 41. Rd3 g4 42. f4 h4 43. Qc5 Rg8 44. Rd6 Rh7 45. Rh1 Qf7 46. Qd5 Qc7 47. Qc6
Qf7 48. Qd5 Qc7 49. Qc6 Qf7 50. Qc2 Rh5 51. Qb3 Qb7 52. Qe6 Rf8 53. a3 Qb5 54.
Re1 Rh7 55. Qd5 Qa4 56. Rxf6 h3+ 57. Kh1 Rc8 58. Qd4 Kg8 59. Rg6+ 1-0

[Event "?"]
[Site "?"]
[Date "2013.04.16"]
[Round "1"]
[White "Predke , Alexandr"]
[Black "Chigaev , Maksim"]
[Result "1/2-1/2"]
[WhiteElo "2481"]
[BlackElo "2454"]
[PlyCount "110"]
[EventDate "2013.??.??"]

1. e4 e6 2. d4 d5 3. Nc3 Bb4 4. e5 Ne7 5. a3 Bxc3+ 6. bxc3 c5 7. Qg4 cxd4 8.
Qxg7 Rg8 9. Qxh7 Qc7 10. Ne2 Nbc6 11. f4 dxc3 12. Qd3 d4 13. Nxd4 Nxd4 14. Qxd4
Bd7 15. Rg1 Nf5 16. Qf2 Qc6 17. Bd3 Qd5 18. Rb1 Bc6 19. Rb3 O-O-O 20. Rxc3 Kb8
21. g4 Nd4 22. Rg3 Qa2 23. Be3 Nb5 24. Rb3 Qa1+ 25. Kd2 Nxa3 26. Bxa7+ Ka8 27.
Bb6 Rd5 28. Rg1 Qa2 29. Bd4 Nxc2 30. Bxc2 Ba4 31. Rd3 Rc8 32. Rc1 Bxc2 33. Ke3
Rxd4 34. Rxd4 Rc3+ 35. Kd2 Bg6+ 36. Kxc3 Qxf2 37. Rcd1 Qc2+ 38. Kb4 Qb2+ 39.
Kc5 Bc2 40. R1d2 Qa3+ 41. Kb6 Qa6+ 42. Kc7 Bb3 43. Kd7 Bd5 44. Ke7 Bf3 45. f5
Qb5 46. Kf6 Ka7 47. h4 Qb1 48. Rf2 Be4 49. fxe6 fxe6 50. h5 Bd5 51. h6 Qh7 52.
g5 Be4 53. Ra4+ Kb6 54. Rxe4 Qxe4 55. g6 Qh4+ 1/2-1/2

[Event "?"]
[Site "?"]
[Date "2013.04.16"]
[Round "1"]
[White "Artemiev, Vladislav"]
[Black "Eliseev, Urii"]
[Result "1-0"]
[WhiteElo "2499"]
[BlackElo "2541"]
[PlyCount "133"]
[EventDate "2013.??.??"]

1. c4 Nf6 2. Nf3 g6 3. Nc3 d5 4. cxd5 Nxd5 5. Qb3 Nb6 6. d4 Bg7 7. Bf4 Be6 8.
Qa3 Nc6 9. e3 a5 10. Rc1 O-O 11. Be2 Nb4 12. b3 Bf5 13. O-O c6 14. Rfd1 N4d5
15. Nxd5 Nxd5 16. Bg3 Nf6 17. h3 Ne4 18. Bf4 Re8 19. Ne5 Be6 20. Bc4 Bd5 21.
Qb2 Nf6 22. Nd3 Qb6 23. Be5 Nd7 24. Bxg7 Kxg7 25. Nc5 Rad8 26. Be2 f6 27. Na4
Qb4 28. Bg4 Bf7 29. Bxd7 Rxd7 30. Nc5 Rd6 31. f4 Red8 32. Rf1 Rd5 33. Rc4 Qb6
34. Qa3 Qc7 35. Ne4 e5 36. fxe5 fxe5 37. Nf6 R5d6 38. dxe5 Rd1 39. Rcf4 Rxf1+
40. Rxf1 Be6 41. Qc5 b6 42. Qd4 Kh8 43. Qh4 Qe7 44. Qf4 Bf5 45. h4 c5 46. h5
Bd3 47. Rd1 gxh5 48. e4 c4 49. bxc4 Bxc4 50. Rd6 Bxa2 51. Qd2 Rc8 52. Rd7 Qc5+
53. Qf2 Qxf2+ 54. Kxf2 Bg8 55. e6 Rc6 56. Rd8 Kg7 57. Nxh5+ Kh6 58. Rxg8 Rxe6
59. Ng3 Rg6 60. Rxg6+ Kxg6 61. Ne2 a4 62. Nc3 a3 63. Ke3 b5 64. Na2 Kf6 65. Kd4
Ke6 66. e5 h5 67. g3 1-0

[Event "?"]
[Site "?"]
[Date "2013.04.16"]
[Round "1"]
[White "Oparin, Grigoriy"]
[Black "Belous, Vladimir"]
[Result "0-1"]
[WhiteElo "2496"]
[BlackElo "2560"]
[PlyCount "117"]
[EventDate "2013.??.??"]

1. e4 c5 2. Nf3 Nc6 3. d4 cxd4 4. Nxd4 e5 5. Nb5 d6 6. N1c3 a6 7. Na3 b5 8. Nd5
Nge7 9. c4 Nxd5 10. Qxd5 Bd7 11. Be3 b4 12. Nc2 Be7 13. Be2 O-O 14. O-O Qb8 15.
b3 a5 16. Rad1 Nd8 17. Qd3 Bc6 18. Bg4 Ne6 19. Bxe6 fxe6 20. f3 d5 21. exd5
exd5 22. Rfe1 Bh4 23. Re2 d4 24. Bf2 Bf6 25. Bg3 Qd6 26. Ne3 h5 27. Nf5 Qc5 28.
Bf2 Rae8 29. Rde1 Bd8 30. Ng3 h4 31. Ne4 Qe7 32. h3 Rf4 33. Kh1 Ref8 34. Bg1
Bc7 35. Bh2 R4f5 36. Nd2 Qf6 37. Ne4 Qg6 38. Nf2 Qh5 39. Kg1 Rxf3 40. gxf3 Rxf3
41. Rxe5 Bxe5 42. Rxe5 Qh6 43. Qxd4 Qg6+ 44. Kf1 Qb1+ 45. Re1 Qxa2 46. Be5 Qxb3
47. Qg4 Qd3+ 48. Kg1 Qd7 49. Qxh4 Qe6 50. Qg5 Qf7 51. Ng4 Rxh3 52. Nf6+ Kh8 53.
Re3 Rh1+ 54. Kf2 Qxc4 55. Re2 Bb5 56. Kg2 Rh6 57. Rf2 Qd3 58. Ng4 Kh7 59. Rf7
0-1

[Event "?"]
[Site "?"]
[Date "2013.04.17"]
[Round "?"]
[White "Bukavshin, Ivan"]
[Black "Belous, Vladimir"]
[Result "1-0"]
[WhiteElo "2522"]
[BlackElo "2560"]
[PlyCount "45"]
[EventDate "2013.??.??"]

1. d4 Nf6 2. c4 g6 3. Nf3 Bg7 4. g3 O-O 5. Bg2 d5 6. cxd5 Nxd5 7. O-O Nb6 8.
Nc3 Nc6 9. e3 Re8 10. a3 e6 11. Qc2 a5 12. Rd1 Qe7 13. e4 a4 14. e5 f6 15. exf6
Bxf6 16. Bh6 Ra5 17. h4 Bg7 18. Bxg7 Qxg7 19. Qe2 Qf8 20. Ne5 Nxe5 21. dxe5 Qc5
22. Re1 Rf8 23. Rac1 1-0

[Event "?"]
[Site "?"]
[Date "2013.04.17"]
[Round "?"]
[White "Eliseev, Urii"]
[Black "Oparin, Grigoriy"]
[Result "0-1"]
[WhiteElo "2541"]
[BlackElo "2496"]
[PlyCount "132"]
[EventDate "2013.??.??"]

1. e4 c5 2. Nf3 d6 3. d4 cxd4 4. Nxd4 Nf6 5. Nc3 Nc6 6. Bg5 Bd7 7. Qd2 h6 8.
Bxf6 gxf6 9. Nf5 Qa5 10. Bd3 e6 11. Ne3 a6 12. f4 Be7 13. O-O b5 14. Kh1 Rc8
15. a4 b4 16. Ne2 Rc7 17. b3 Qb6 18. Rad1 h5 19. Rf3 Bc8 20. Qe1 Bb7 21. Rh3
Qc5 22. Qg3 Rc8 23. f5 Kd7 24. Rh4 Ne5 25. Qh3 Rcg8 26. Nf4 Ng4 27. Nxg4 hxg4
28. Rxh8 gxh3 29. Rxg8 Qe5 30. Nxh3 Bxe4 31. fxe6+ fxe6 32. Rg3 d5 33. Bxe4
Qxe4 34. Rgd3 Bc5 35. Ng1 f5 36. Nf3 f4 37. Re1 Be3 38. Nd2 Qh7 39. Nc4 Qh4 40.
Rf1 d4 41. Ne5+ Kc7 42. Ng6 Qh6 43. Ne5 Qg7 44. Nc4 e5 45. Rdd1 e4 46. Rde1 Qg4
47. g3 f3 48. Nxe3 dxe3 49. Rxe3 Qh3 50. Rf2 Qd7 51. Re1 Qd4 52. Kg1 Kd6 53.
Kf1 Kd5 54. h4 Qg7 55. Rd2+ Ke5 56. Kf2 Qa7+ 57. Kf1 Qc5 58. Red1 Qc3 59. Rd5+
Ke6 60. R5d4 Kf5 61. Kf2 Qxc2+ 62. R1d2 Qxb3 63. Rd5+ Ke6 64. Rd6+ Ke5 65. Rd1
Qc2+ 66. R6d2 Qc5+ 0-1

[Event "?"]
[Site "?"]
[Date "2013.04.17"]
[Round "?"]
[White "Chigaev, Maksim"]
[Black "Artemiev, Vladislav"]
[Result "0-1"]
[WhiteElo "2454"]
[BlackElo "2499"]
[PlyCount "54"]
[EventDate "2013.??.??"]

1. e4 c5 2. Nf3 d6 3. Bb5+ Nd7 4. c3 Ngf6 5. Qe2 a6 6. Ba4 b5 7. Bc2 c4 8. b3
Qc7 9. bxc4 bxc4 10. Na3 Nb6 11. e5 dxe5 12. Nxe5 Be6 13. Rb1 Nfd7 14. Nxd7
Bxd7 15. O-O e6 16. Qg4 Bc5 17. Qxg7 O-O-O 18. Qg3 Bc6 19. d4 cxd3 20. Bxd3 Qb7
21. Qe5 Rhg8 22. g3 Rd5 23. Rxb6 Bxb6 24. Qe2 Rxd3 25. Qxd3 Bh1 26. Qc4+ Kb8
27. Bf4+ Ka8 0-1

[Event "?"]
[Site "?"]
[Date "2013.04.17"]
[Round "?"]
[White "Pakhomov, Egor"]
[Black "Predke, Alexandr"]
[Result "1-0"]
[WhiteElo "2454"]
[BlackElo "2481"]
[PlyCount "69"]
[EventDate "2013.??.??"]

1. Nf3 Nf6 2. c4 e6 3. Nc3 Bb4 4. Qc2 c5 5. a3 Ba5 6. g4 O-O 7. g5 Ne8 8. Ne4
b5 9. cxb5 c4 10. b4 cxb3 11. Qxb3 d5 12. Ng3 Nd7 13. a4 Nb6 14. Bg2 Nd6 15.
O-O Re8 16. Bb2 Ne4 17. h4 Nxg3 18. fxg3 Nc4 19. Bc3 Bc7 20. d3 Ne3 21. Ne5
Nxg2 22. Kxg2 d4 23. Nc6 Bb7 24. Be1 Qd7 25. Qc4 e5 26. Rf3 e4 27. dxe4 Rxe4
28. Rd1 Rae8 29. Bf2 Rxe2 30. Rxd4 Bd6 31. Rxd6 Qxd6 32. Qxf7+ Kh8 33. Qxb7 Qd5
34. Qf7 Qe4 35. Ne5 1-0

[Event "?"]
[Site "?"]
[Date "2013.04.18"]
[Round "?"]
[White "Predke, Alexandr"]
[Black "Stukopin, Andrey"]
[Result "0-1"]
[WhiteElo "2481"]
[BlackElo "2500"]
[PlyCount "82"]
[EventDate "2013.??.??"]

1. e4 c5 2. Nf3 e6 3. g3 Nc6 4. Bg2 Nf6 5. Qe2 d5 6. exd5 Nxd5 7. O-O Be7 8.
Rd1 Bf6 9. Nc3 O-O 10. Ne4 b6 11. c4 Ndb4 12. Nxf6+ Qxf6 13. d3 e5 14. Bg5 Qf5
15. a3 Na6 16. Nxe5 Nd4 17. Qe3 Re8 18. f4 Nc7 19. g4 Qe6 20. f5 Qd6 21. Bf4 f6
22. Ng6 Qd7 23. Qh3 Ne2+ 24. Kh1 hxg6 25. Bxc7 Qxc7 26. fxg6 Bb7 27. Qh7+ Kf8
28. Qh8+ Ke7 29. Qxg7+ Kd6 30. Qxc7+ Kxc7 31. Rf1 Re6 32. g5 Bxg2+ 33. Kxg2 Rg8
34. Rxf6 Rxf6 35. gxf6 Rxg6+ 36. Kf3 Nd4+ 37. Ke4 Rxf6 38. Rg1 Kd6 39. Rg5 Rh6
40. b4 Rh4+ 41. Ke3 Rxh2 0-1

[Event "?"]
[Site "?"]
[Date "2013.04.18"]
[Round "?"]
[White "Artemiev, Vladislav"]
[Black "Pakhomov, Egor"]
[Result "1/2-1/2"]
[WhiteElo "2499"]
[BlackElo "2454"]
[PlyCount "160"]
[EventDate "2013.??.??"]

1. c4 e6 2. Nf3 d5 3. g3 dxc4 4. Qa4+ Nd7 5. Qxc4 a6 6. Qb3 b5 7. Bg2 Bb7 8.
O-O Ngf6 9. d3 Be7 10. Bd2 O-O 11. Ba5 Qb8 12. Nbd2 Rc8 13. Rfc1 c5 14. Qd1 Bf8
15. Nb3 e5 16. Bh3 Ra7 17. Bc3 Re8 18. a4 e4 19. dxe4 Bxe4 20. Bxf6 Nxf6 21.
Nxc5 Bxf3 22. exf3 Bxc5 23. Rxc5 bxa4 24. Qc2 Rb7 25. Qxa4 Rxb2 26. Qxa6 Qb4
27. Rc8 Qd4 28. Rf1 Rb8 29. Rxb8 Rxb8 30. Qa1 Qd3 31. Kg2 Rd8 32. Re1 h6 33.
Re3 Qd6 34. Bf5 Qb6 35. Bc2 Rc8 36. Bb3 Qb7 37. Qd4 Rf8 38. Bc4 Qc7 39. Ra3 Rd8
40. Ra7 Rxd4 41. Rxc7 Nd7 42. Rc8+ Nf8 43. f4 g6 44. h4 Kg7 45. Kf3 Rd7 46. g4
Re7 47. Rc6 Nd7 48. Kg3 Nf6 49. f3 Rd7 50. Rc5 Re7 51. Kf2 Rb7 52. Rc6 Re7 53.
Rc8 Ne8 54. Rd8 Nf6 55. Bb5 Rb7 56. Bc6 Rb6 57. Ba8 Ra6 58. Kg3 Rb6 59. Bd5
Nxd5 60. Rxd5 Kf6 61. h5 gxh5 62. Rxh5 Kg7 63. Rd5 Rb1 64. Rd6 Rb4 65. f5 Rb5
66. Kh4 Rb3 67. f6+ Kh7 68. f4 Rb1 69. f5 Rh1+ 70. Kg3 Rg1+ 71. Kf4 Rf1+ 72.
Ke5 Re1+ 73. Kd5 Rg1 74. Rd7 Rxg4 75. Rxf7+ Kg8 76. Ra7 Rb4 77. Ke5 Kf8 78. Rh7
Rb5+ 79. Kf4 Rb1 80. f7 Rb4+ 1/2-1/2

[Event "?"]
[Site "?"]
[Date "2013.04.18"]
[Round "?"]
[White "Oparin, Grigoriy"]
[Black "Chigaev, Maksim"]
[Result "1-0"]
[WhiteElo "2496"]
[BlackElo "2454"]
[PlyCount "119"]
[EventDate "2013.??.??"]

1. e4 e6 2. d4 d5 3. Nc3 Bb4 4. e5 Ne7 5. a3 Bxc3+ 6. bxc3 c5 7. Nf3 h6 8. a4
Qc7 9. Ba3 cxd4 10. Bb5+ Bd7 11. cxd4 Qc3+ 12. Ke2 a6 13. Bd3 Nbc6 14. Bc5 f6
15. Qd2 Qxd2+ 16. Kxd2 fxe5 17. dxe5 Rc8 18. Rhb1 Na5 19. Bb4 Nc4+ 20. Bxc4
Rxc4 21. Bxe7 Kxe7 22. Rxb7 Rhc8 23. Ne1 a5 24. Ra7 R4c5 25. Rb1 R8c7 26. Rbb7
Rxb7 27. Rxb7 Rc4 28. Nd3 Ke8 29. Ra7 Bxa4 30. c3 d4 31. cxd4 Rxd4 32. Rxa5 Bc6
33. f3 g5 34. Ke3 Rh4 35. h3 Bd5 36. Ra7 Kf8 37. Nc5 Ke8 38. Rh7 Rc4 39. Nd7
Rc2 40. Nf6+ Kf8 41. Nxd5 exd5 42. g4 Rc3+ 43. Ke2 d4 44. Rxh6 Re3+ 45. Kf2
Rxe5 46. Rd6 Kg7 47. Rxd4 Ra5 48. Kg3 Ra3 49. Rd1 Kf6 50. Rh1 Kg6 51. h4 gxh4+
52. Rxh4 Kg5 53. Rh5+ Kg6 54. Re5 Kf6 55. Rb5 Kg6 56. Rd5 Rb3 57. Kf4 Rb4+ 58.
Ke3 Rb3+ 59. Rd3 Rb8 60. f4 1-0

[Event "?"]
[Site "?"]
[Date "2013.04.18"]
[Round "?"]
[White "Belous, Vladimir"]
[Black "Eliseev, Urii"]
[Result "1-0"]
[WhiteElo "2560"]
[BlackElo "2541"]
[PlyCount "79"]
[EventDate "2013.??.??"]

1. d4 d5 2. c4 dxc4 3. e4 e5 4. Nf3 exd4 5. Bxc4 Nc6 6. O-O Be6 7. Nbd2 Qf6 8.
Bd3 O-O-O 9. Qa4 g5 10. e5 Qe7 11. Bb5 Bd5 12. Bxc6 Bxc6 13. Qxa7 b6 14. Nc4
Qc5 15. Bxg5 f6 16. Rfc1 fxg5 17. b4 Qd5 18. b5 Qxb5 19. Rab1 Qc5 20. Qa6+ Kd7
21. Nxb6+ cxb6 22. e6+ Kxe6 23. Qe2+ Kd7 24. Ne5+ Kc7 25. Nxc6 d3 26. Qf3 g4
27. Qxg4 Kxc6 28. Qe4+ Rd5 29. Qe6+ Bd6 30. Qc8+ Bc7 31. Qe6+ Bd6 32. Qc8+ Bc7
33. Rxc5+ bxc5 34. Qa8+ Kd6 35. Qf8+ Kc6 36. Qe8+ Rd7 37. Rd1 c4 38. Qe6+ Rd6
39. Qxc4+ Kd7 40. Qg4+ 1-0

[Event "?"]
[Site "?"]
[Date "2013.04.19"]
[Round "?"]
[White "Bukavshin, Ivan"]
[Black "Eliseev, Urii"]
[Result "1/2-1/2"]
[WhiteElo "2522"]
[BlackElo "2541"]
[PlyCount "110"]
[EventDate "2013.??.??"]

1. d4 Nf6 2. c4 g6 3. Nc3 d5 4. Nf3 Bg7 5. Qb3 dxc4 6. Qxc4 O-O 7. Bf4 Na6 8.
e4 c5 9. Rd1 cxd4 10. Rxd4 Qb6 11. e5 Be6 12. Qb5 Ne8 13. Qxb6 axb6 14. Be2
Nec7 15. O-O Nb8 16. a3 Nc6 17. Rdd1 Rfd8 18. Be3 Nd5 19. Nxd5 Rxd5 20. Bxb6
Nxe5 21. Nd4 Bg4 22. Nf3 Nxf3+ 23. gxf3 Be6 24. Rxd5 Bxd5 25. Rd1 e6 26. Rd2
Rc8 27. Kg2 Rc1 28. Bd3 f5 29. Be3 Rc8 30. a4 Kf7 31. a5 Bf8 32. a6 bxa6 33.
Bxa6 Rb8 34. Rc2 Bd6 35. Bc4 Bxc4 36. Rxc4 Rxb2 37. Rc6 Bb8 38. Rc8 Rb7 39. Rh8
Kf6 40. f4 Ba7 41. Bxa7 Rxa7 42. Rf8+ Ke7 43. Rh8 Kf6 44. Rf8+ Rf7 45. Re8 Re7
46. Rf8+ Kg7 47. Ra8 Kh6 48. Kg3 Kh5 49. Ra5 h6 50. h4 Rb7 51. Ra1 Rb4 52. f3
e5 53. fxe5 f4+ 54. Kh3 Rb3 55. Re1 Re3 1/2-1/2

[Event "?"]
[Site "Loo"]
[Date "2013.04.19"]
[Round "?"]
[White "Chigaev, Maksim"]
[Black "Belous, Vladimir"]
[Result "1/2-1/2"]
[WhiteElo "2454"]
[BlackElo "2560"]
[PlyCount "90"]
[EventDate "2013.??.??"]

1. e4 c5 2. Nf3 Nc6 3. d4 cxd4 4. Nxd4 g6 5. c4 Bg7 6. Be3 Nh6 7. Nc3 O-O 8.
Be2 d6 9. Qd2 Ng4 10. Bxg4 Bxg4 11. O-O Bd7 12. f4 Rc8 13. b3 Qa5 14. f5 Rfe8
15. Rad1 a6 16. Nd5 Qxd2 17. Rxd2 Nxd4 18. Bxd4 Bxd4+ 19. Rxd4 Bc6 20. Nb6 Rc7
21. Kf2 f6 22. Ke3 Kf7 23. g4 Rg8 24. h4 gxf5 25. exf5 h5 26. Rg1 hxg4 27.
Rdxg4 Rxg4 28. Rxg4 e6 29. Rd4 exf5 30. Rxd6 Re7+ 31. Kf4 Re2 32. Nd5 Rf2+ 33.
Kg3 Rxa2 34. Rxf6+ Kg7 35. Rxf5 Rb2 36. Rf3 Rd2 37. Re3 Bxd5 38. cxd5 Rxd5 39.
Re7+ Kf6 40. Rxb7 a5 41. Kf3 Rd4 42. h5 a4 43. Ke3 Rh4 44. b4 a3 45. Ra7 Ke5
1/2-1/2

[Event "?"]
[Site "?"]
[Date "2013.04.19"]
[Round "?"]
[White "Stukopin, Andrey"]
[Black "Artemiev, Vladislav"]
[Result "1-0"]
[WhiteElo "2500"]
[BlackElo "2499"]
[PlyCount "87"]
[EventDate "2013.??.??"]

1. e4 c5 2. Nf3 d6 3. d4 cxd4 4. Nxd4 Nf6 5. Nc3 a6 6. Be3 e6 7. f3 b5 8. Qd2
Nbd7 9. g4 Nb6 10. a4 Nc4 11. Bxc4 bxc4 12. g5 Nd7 13. f4 Bb7 14. f5 Nc5 15.
fxe6 fxe6 16. Qg2 g6 17. Rf1 Bg7 18. O-O-O Qd7 19. Qg4 O-O-O 20. Ndb5 Qe7 21.
Rxd6 axb5 22. Bxc5 Rxd6 23. Nxb5 Rd1+ 24. Qxd1 Qxc5 25. Qd6 Qxd6 26. Nxd6+ Kc7
27. Nxb7 Rf8 28. Rxf8 Bxf8 29. Na5 Bd6 30. h3 c3 31. b3 Bf4+ 32. Kd1 Bxg5 33.
Ke2 Be7 34. Nc4 g5 35. Kd3 h5 36. Kxc3 g4 37. hxg4 h4 38. Ne3 Bc5 39. Nf1 Kd6
40. b4 Bf2 41. a5 Ke5 42. g5 Kxe4 43. g6 h3 44. a6 1-0

[Event "?"]
[Site "?"]
[Date "2013.04.19"]
[Round "?"]
[White "Gordievsky, Dmitry"]
[Black "Predke, Alexandr"]
[Result "0-1"]
[WhiteElo "2443"]
[BlackElo "2481"]
[PlyCount "74"]
[EventDate "2013.??.??"]

1. Nf3 Nf6 2. c4 b6 3. g3 Bb7 4. Bg2 e6 5. O-O Be7 6. Nc3 O-O 7. d4 Ne4 8. Bd2
Bf6 9. Qc2 Nxd2 10. Qxd2 d6 11. e4 Nd7 12. Qc2 g6 13. d5 Qe7 14. Rab1 c5 15. a3
Bd4 16. Nb5 e5 17. b4 a6 18. Nbxd4 cxd4 19. Bh3 Rac8 20. Nd2 f5 21. exf5 b5 22.
fxg6 bxc4 23. Be6+ Kh8 24. f4 exf4 25. Nxc4 Ne5 26. Bxc8 Rxc8 27. Rbe1 Bxd5 28.
Qf5 Rxc4 29. gxf4 Nf3+ 30. Kh1 Nxe1+ 31. Qxd5 hxg6 32. f5 Qe2 33. Qa8+ Kg7 34.
f6+ Kh6 35. Qh8+ Kg5 36. Qh3 Qe4+ 37. Kg1 Rc3 0-1

[Event "?"]
[Site "?"]
[Date "2013.04.20"]
[Round "?"]
[White "Predke, Alexandr"]
[Black "Bukavshin, Ivan"]
[Result "1/2-1/2"]
[WhiteElo "2481"]
[BlackElo "2522"]
[PlyCount "96"]
[EventDate "2013.??.??"]

1. e4 c5 2. Nf3 Nc6 3. Bb5 g6 4. O-O Bg7 5. Re1 Nf6 6. c3 O-O 7. h3 e5 8. d4
cxd4 9. cxd4 Nxd4 10. Nxd4 exd4 11. Qxd4 d6 12. Nc3 Be6 13. Qb4 a5 14. Qa3 d5
15. Bg5 Qb6 16. e5 Ne4 17. Be3 Qc7 18. f4 Nxc3 19. Qxc3 Qxc3 20. bxc3 Rfc8 21.
Bd4 Bh6 22. Rf1 Bf5 23. g4 Be4 24. Rad1 Rc7 25. f5 Bf8 26. e6 gxf5 27. gxf5 Bc5
28. Kh2 Bd6+ 29. Kg1 Bc5 30. Kh2 Bd6+ 31. Kg1 Bc5 32. Rf4 Kf8 33. Bxc5+ Rxc5
34. Bd3 Bxd3 35. Rxd3 Rac8 36. Rh4 Rxc3 37. Rxd5 Rc1+ 38. Kf2 R1c2+ 39. Ke3
R8c3+ 40. Rd3 fxe6 41. fxe6 Ke7 42. Rxc3 Rxc3+ 43. Kd4 Ra3 44. Ke5 Re3+ 45. Kd5
Rd3+ 46. Ke5 Re3+ 47. Kd5 Rd3+ 48. Ke5 Re3+ 1/2-1/2

[Event "?"]
[Site "?"]
[Date "2013.04.20"]
[Round "?"]
[White "Artemiev, Vladislav"]
[Black "Gordievsky, Dmitry"]
[Result "1-0"]
[WhiteElo "2499"]
[BlackElo "2443"]
[PlyCount "97"]
[EventDate "2013.??.??"]

1. c4 Nf6 2. Nf3 e6 3. g3 d5 4. Bg2 dxc4 5. Qa4+ Nbd7 6. Qxc4 c5 7. Qb3 Rb8 8.
a4 b6 9. d3 Bd6 10. Na3 a6 11. O-O O-O 12. Nc4 Bc7 13. Bd2 Bb7 14. Rfc1 Qe7 15.
Qa3 Nd5 16. d4 Rfc8 17. dxc5 bxc5 18. Ne1 Nb4 19. Bxb7 Rxb7 20. Bxb4 cxb4 21.
Qf3 Rbb8 22. Nd3 e5 23. Nd2 Nf6 24. Rc4 Bb6 25. Rac1 Rd8 26. Ne4 a5 27. Nxf6+
Qxf6 28. Qe4 Re8 29. Kg2 g6 30. Rc6 Qe7 31. h4 f5 32. Qc4+ Qf7 33. h5 Qxc4 34.
R1xc4 Kf7 35. Rd6 e4 36. Nf4 g5 37. Nd5 Bd8 38. Rcc6 Rb7 39. Nf6 Rh8 40. Nd7
Re8 41. Nf6 Rh8 42. Rd5 Rc7 43. Ra6 Bxf6 44. Rxf5 Ke7 45. Rfxf6 Re8 46. Rh6 Kf8
47. Rxa5 Rc2 48. Rxh7 Kg8 49. Raa7 1-0

[Event "?"]
[Site "?"]
[Date "2013.04.20"]
[Round "?"]
[White "Oparin, Grigoriy"]
[Black "Stukopin, Andrey"]
[Result "0-1"]
[WhiteElo "2496"]
[BlackElo "2500"]
[PlyCount "94"]
[EventDate "2013.??.??"]

1. e4 c5 2. Nf3 Nc6 3. d4 cxd4 4. Nxd4 Nf6 5. Nc3 d6 6. Bg5 e6 7. Qd2 a6 8.
O-O-O h6 9. Be3 Bd7 10. f3 b5 11. Nxc6 Bxc6 12. Ne2 Qc7 13. Nd4 Bb7 14. Kb1 Be7
15. h4 Nd7 16. g4 d5 17. exd5 Bxd5 18. Be2 Ne5 19. Rhg1 Bxh4 20. f4 Nc4 21.
Bxc4 Qxc4 22. b3 Qc7 23. Qe2 Bf6 24. f5 Rc8 25. Rd2 Qe5 26. Qf2 Be4 27. Re1 O-O
28. Qf4 Qxf4 29. Bxf4 exf5 30. gxf5 Rfe8 31. Rde2 Bxd4 32. Rxe4 Rxe4 33. Rxe4
Bc3 34. a4 Rd8 35. Kc1 Rd5 36. axb5 axb5 37. b4 Rxf5 38. Kd1 g5 39. Bg3 Rf3 40.
Bd6 Rf2 41. Bc5 Rd2+ 42. Kc1 Rg2 43. Kd1 h5 44. Re3 Bf6 45. Rf3 Be5 46. Bf2 h4
47. Ke1 Rg4 0-1

[Event "?"]
[Site "?"]
[Date "2013.04.20"]
[Round "?"]
[White "Belous, Vladimir"]
[Black "Pakhomov, Egor"]
[Result "1-0"]
[WhiteElo "2560"]
[BlackElo "2454"]
[PlyCount "99"]
[EventDate "2013.??.??"]

1. c4 e6 2. Nc3 d5 3. cxd5 exd5 4. d4 c6 5. Qc2 Na6 6. a3 Nc7 7. Nf3 Ne6 8. e4
dxe4 9. Nxe4 Ne7 10. Bc4 Nd5 11. O-O Be7 12. Bd2 O-O 13. Rae1 Re8 14. Ba2 Bf8
15. Nc3 g6 16. Nxd5 cxd5 17. Qd3 b6 18. Ne5 Bg7 19. Qf3 Bxe5 20. Rxe5 Bb7 21.
Rfe1 Qh4 22. g3 Qe7 23. Qg4 Qd8 24. h4 Ng7 25. Rxe8+ Nxe8 26. Bg5 Qd6 27. Qf3
Bc6 28. b4 a6 29. Bf4 Qd7 30. Be5 Qe6 31. Rc1 Rd8 32. h5 f6 33. Bf4 g5 34. Bd2
Bb7 35. h6 Qf7 36. Qg4 Kh8 37. b5 axb5 38. Bb4 Nd6 39. Bxd6 Rxd6 40. Bb1 Qe7
41. Qf5 Re6 42. Kg2 Bc6 43. Bd3 Qf7 44. Rc2 Kg8 45. Be2 Kf8 46. Bg4 Rd6 47.
Qc8+ Qe8 48. Qc7 Qe4+ 49. Bf3 Qe6 50. Qg7+ 1-0

[Event "?"]
[Site "?"]
[Date "2013.04.20"]
[Round "?"]
[White "Eliseev, Urii"]
[Black "Chigaev, Maksim"]
[Result "1-0"]
[WhiteElo "2541"]
[BlackElo "2454"]
[PlyCount "51"]
[EventDate "2013.??.??"]

1. e4 e6 2. d4 d5 3. Nc3 Bb4 4. e5 Ne7 5. a3 Bxc3+ 6. bxc3 c5 7. Nf3 Qc7 8. a4
b6 9. Bb5+ Bd7 10. O-O Bxb5 11. axb5 a5 12. c4 dxc4 13. dxc5 bxc5 14. Nd2 O-O
15. Nxc4 Qb7 16. Nd6 Qc7 17. Ra3 Nf5 18. Rh3 g6 19. Nxf5 exf5 20. Qd2 Qxe5 21.
Qh6 Qh8 22. Rd1 Ra7 23. Qxf8+ Kxf8 24. Rd8+ Kg7 25. Bh6+ Kf6 26. Rxh8 1-0

[Event "?"]
[Site "?"]
[Date "2013.04.21"]
[Round "?"]
[White "Bukavshin, Ivan"]
[Black "Chigaev, Maksim"]
[Result "1/2-1/2"]
[WhiteElo "2522"]
[BlackElo "2454"]
[PlyCount "80"]
[EventDate "2013.??.??"]

1. d4 Nf6 2. c4 g6 3. Nf3 Bg7 4. g3 c6 5. Bg2 O-O 6. Nc3 d5 7. cxd5 cxd5 8. Ne5
Nc6 9. O-O e6 10. Bg5 h6 11. Bf4 Nd7 12. Nf3 Nf6 13. Rc1 Ne4 14. Qd3 g5 15. Be3
f5 16. Rcd1 Qf6 17. Ne1 Nd6 18. Nc2 Bd7 19. Bc1 Rac8 20. f3 f4 21. e4 fxe3 22.
f4 Nf5 23. Bxe3 Nxe3 24. Qxe3 gxf4 25. gxf4 Ne7 26. Kh1 Nf5 27. Qd2 Be8 28. Ne2
Bh5 29. Bf3 Qg6 30. Ne1 Bxf3+ 31. Rxf3 Nh4 32. Qd3 Qxd3 33. Rfxd3 Ng6 34. Ng2
Rc2 35. R1d2 Rfc8 36. Ne3 Rxd2 37. Rxd2 Rf8 38. Ng2 Rc8 39. Ne3 Rf8 40. Ng2 Rc8
1/2-1/2

[Event "?"]
[Site "?"]
[Date "2013.04.21"]
[Round "?"]
[White "Pakhomov, Egor"]
[Black "Eliseev, Urii"]
[Result "1/2-1/2"]
[WhiteElo "2454"]
[BlackElo "2541"]
[PlyCount "67"]
[EventDate "2013.??.??"]

1. d4 c5 2. d5 d6 3. Nc3 g6 4. e4 Bg7 5. Bb5+ Bd7 6. a4 Nf6 7. Nf3 O-O 8. Nd2
Na6 9. Be2 Nc7 10. Nc4 b5 11. axb5 Nxb5 12. Nxb5 Bxb5 13. f3 Re8 14. Bg5 e6 15.
dxe6 Rxe6 16. Ne3 Bxe2 17. Qxe2 Qb6 18. c3 Rb8 19. O-O Qxb2 20. Qxb2 Rxb2 21.
Rxa7 h6 22. Bxf6 Bxf6 23. Nd5 Rc2 24. Rb1 Bxc3 25. Rb8+ Kg7 26. Nc7 Bd4+ 27.
Kf1 Kf6 28. Rf8 Re7 29. Ne8+ Ke6 30. Nc7+ Kf6 31. Ne8+ Ke6 32. Nc7+ Kf6 33.
Ne8+ Ke6 34. Nc7+ 1/2-1/2

[Event "?"]
[Site "?"]
[Date "2013.04.21"]
[Round "?"]
[White "Stukopin, Andrey"]
[Black "Belous, Vladimir"]
[Result "1/2-1/2"]
[WhiteElo "2500"]
[BlackElo "2560"]
[PlyCount "50"]
[EventDate "2013.??.??"]

1. e4 c5 2. Nf3 Nc6 3. Nc3 g6 4. d4 cxd4 5. Nxd4 Bg7 6. Be3 Nf6 7. Bc4 O-O 8.
Bb3 d6 9. f3 Bd7 10. Qd2 Nxd4 11. Bxd4 b5 12. h4 a5 13. h5 a4 14. Bxf6 exf6 15.
Bd5 b4 16. Ne2 f5 17. hxg6 hxg6 18. Bxa8 Qxa8 19. Qxd6 Bb5 20. Nf4 Rd8 21. Qxb4
Qb8 22. Ne2 Bf8 23. Qc3 Bg7 24. Qb4 Bf8 25. Qc3 Bg7 1/2-1/2

[Event "?"]
[Site "?"]
[Date "2013.04.21"]
[Round "?"]
[White "Gordievsky, Dmitry"]
[Black "Oparin, Grigoriy"]
[Result "1/2-1/2"]
[WhiteElo "2443"]
[BlackElo "2496"]
[PlyCount "84"]
[EventDate "2013.??.??"]

1. d4 Nf6 2. c4 e6 3. Nf3 Bb4+ 4. Nbd2 O-O 5. a3 Be7 6. e4 d5 7. e5 Nfd7 8. Bd3
c5 9. h4 g6 10. cxd5 exd5 11. h5 cxd4 12. Nb3 Nc6 13. Bf4 Re8 14. hxg6 fxg6 15.
O-O Nf8 16. Nbxd4 Nxd4 17. Nxd4 Ne6 18. Be3 Rf8 19. Qd2 Bc5 20. Nxe6 Bxe3 21.
Qxe3 Bxe6 22. Rac1 Rf7 23. f4 Qd7 24. Qd4 Raf8 25. Qxa7 Rxf4 26. Rxf4 Rxf4 27.
Qb8+ Rf8 28. Qd6 Qxd6 29. exd6 Rd8 30. Rc7 Rd7 31. Bc2 Kf7 32. Bb3 Rxc7 33.
dxc7 Ke7 34. Bxd5 Bc8 35. Bg8 h6 36. Kf2 Kd6 37. Bh7 g5 38. Ke3 Kxc7 39. Ke4 b6
40. Ke5 h5 41. Bf5 Ba6 42. Kf6 Bb7 1/2-1/2